LEADER 00966nam a2200277 i 4500 001 991001602529707536 005 20241014134702.0 008 001030s2000 it er |01 e ita 020 $a8807102978 035 $ab10877034-39ule_inst 035 $aLE02372710$9ExL 040 $aDip.to Studi Storici$bita 082 04$a273.6092 100 1 $aProsperi, Adriano$0140139 245 12$aL'eresia del Libro grande :$bstoria di Giorgio Siculo e della sua setta /$cAdriano Prosperi 260 $aMilano :$bFeltrinelli,$c2000 300 $a490 p. ;$c22 cm. 440 $aCampi del sapere 600 04$aGiorgio :$cSiculo 650 4$aEresie$zItalia$ySec. 16. 907 $a.b10877034$b18-03-08$c28-06-02 912 $a991001602529707536 945 $aLE023 273 PRO 1 1$g1$i2023000048764$lle023$o-$pE0.00$q-$rl$s-$t0$u1$v0$w1$x0$y.i1098480x$z28-06-02 996 $aEresia del libro grande$9705028 997 $aUNISALENTO 998 $ale023$b01-01-00$cm$da$e-$fita$git$h2$i1